In the garden / (Record no. 32576)
[ view plain ]
| 000 -LEADER | |
|---|---|
| fixed length control field | 01378nam a22003374a 4500 |
| 005 - DATE AND TIME OF LATEST TRANSACTION | |
| control field | 20091211152652.0 |
| 008 - FIXED-LENGTH DATA ELEMENTS--GENERAL INFORMATION | |
| fixed length control field | 020917s2003 nyua b 000 1 eng |
| 020 ## - INTERNATIONAL STANDARD BOOK NUMBER | |
| International Standard Book Number | 0375812806 |
| Terms of availability | 100.00 |
| 020 ## - INTERNATIONAL STANDARD BOOK NUMBER | |
| International Standard Book Number | 0375912800 |
| Terms of availability | 100.00 |
| 037 ## - SOURCE OF ACQUISITION | |
| Source of stock number/acquisition | Blueberry Books |
| 040 ## - CATALOGING SOURCE | |
| Original cataloging agency | dpl |
| Language of cataloging | English |
| 082 ## - DEWEY DECIMAL CLASSIFICATION NUMBER | |
| Classification number | S |
| 100 ## - MAIN ENTRY--PERSONAL NAME | |
| Personal name | Greenburg, J. C. |
| Fuller form of name | (Judith C.) |
| 245 ## - TITLE STATEMENT | |
| Title | In the garden / |
| Statement of responsibility, etc | by J.C. Greenburg ; illustrated by Debbie Palen |
| 260 ## - PUBLICATION, DISTRIBUTION, ETC. (IMPRINT) | |
| Place of publication, distribution, etc | New York |
| Name of publisher, distributor, etc | Random House |
| Date of publication, distribution, etc | 2003 |
| 300 ## - PHYSICAL DESCRIPTION | |
| Extent | 81 p. : |
| Other physical details | ill. |
| Dimensions | 20 cm(pbk) |
| 490 ## - SERIES STATEMENT | |
| Series statement | Andrew lost ; |
| Volume number/sequential designation | 4 |
| 500 ## - GENERAL NOTE | |
| General note | "A stepping stone book." |
| 520 ## - SUMMARY, ETC. | |
| Summary, etc | Andrew, his cousin Judy, and Thudd the robot, having been shrunk by a shrinking machine, encounter many terrifying creatures, including Mrs. Scuttle, as they try to reach the Atom Sucker before it explodes. |
| 650 ## - SUBJECT ADDED ENTRY--TOPICAL TERM | |
| Topical term or geographic name as entry element | Inventions |
| Form subdivision | Fiction. |
| 650 ## - SUBJECT ADDED ENTRY--TOPICAL TERM | |
| Topical term or geographic name as entry element | Insects |
| Form subdivision | Fiction. |
| 650 ## - SUBJECT ADDED ENTRY--TOPICAL TERM | |
| Topical term or geographic name as entry element | Invertebrates |
| Form subdivision | Fiction. |
| 650 ## - SUBJECT ADDED ENTRY--TOPICAL TERM | |
| Topical term or geographic name as entry element | Size |
| Form subdivision | Fiction. |
| 650 ## - SUBJECT ADDED ENTRY--TOPICAL TERM | |
| Topical term or geographic name as entry element | Cousins |
| Form subdivision | Fiction. |
| 700 ## - ADDED ENTRY--PERSONAL NAME | |
| Personal name | Palen, Debbie |
| 800 ## - SERIES ADDED ENTRY--PERSONAL NAME | |
| Personal name | Greenburg, J. C. |
| Fuller form of name | (Judith C.) |
| Title of a work | Andrew lost ; |
| Volume/sequential designation | 4. |
| 856 ## - ELECTRONIC LOCATION AND ACCESS | |
| Materials specified | Publisher description |
| Uniform Resource Identifier | <a href="http://www.loc.gov/catdir/description/random0413/2002014972.html">http://www.loc.gov/catdir/description/random0413/2002014972.html</a> |
| 942 ## - ADDED ENTRY ELEMENTS (KOHA) | |
| Source of classification or shelving scheme | Dewey Decimal Classification |
| Item type | Children Books |
| Classification part | S |
| Call number suffix | GRE |
| Withdrawn status | Lost status | Source of classification or shelving scheme | Damaged status | Not for loan | Collection code | Home library | Current library | Date acquired | Cost, normal purchase price | Total Checkouts | Full call number | Date last seen | Cost, replacement price | Koha item type |
|---|---|---|---|---|---|---|---|---|---|---|---|---|---|---|
| Dewey Decimal Classification | Fiction | Andrews Gunj | Andrews Gunj | 11/12/2009 | 100.00 | S GRE | 11/12/2009 | 100.00 | Children Books |
